Prosas

Salvato in:
Dettagli Bibliografici
Autore principale: Berceo, Gonzalo de
Natura: Libro
Lingua:Undetermined
Pubblicazione: París, Francia Librería Vda. de Ch. Bouret 1939
Soggetti:
Tags: Aggiungi Tag
Nessun Tag, puoi essere il primo ad aggiungerne!!

MARC

LEADER 00000nam a2200000Ia 4500
008 170316s9999 xx 000 0 und d
090 |a 862 B-12p 
100 |a Berceo, Gonzalo de 
245 |a Prosas 
260 |a París, Francia 
260 |b Librería Vda. de Ch. Bouret 
260 |c 1939 
300 |a 287 páginas 
650 |a LITERATURA ESPAÑOLA 
999 |c 24907  |d 24907 
040 |a cru BVZT 
942 |c 15 D  |h 862 B-12p  |2 z